000 00428nam a2200181Ia 4500
001 16345
005 20260306170302.0
008 260306t2007||||xx |||||||||||||| ||und||
041 _aESP
082 _a348.481
_bM41
100 _aMello Proenca, Alencar
_eAUT
245 0 _aCompendio de direito agrário
260 _c2007
300 _a329 páginas :
_ccm.
650 _aGEN
654 _aCDE
942 _cLIB
_dJUS
_fJUS
_2ddc
_n
999 _c16345
_d16345